[Event "Titled Tue 10th Jun Early"]
[Site "chess.com INT"]
[Date "2025.06.10"]
[Round "8"]
[White "Fiore, Mario Angelo"]
[Black "Nguyen Thi Mai Hung"]
[Result "1-0"]
[WhiteTitle "FM"]
[BlackTitle "WGM"]
[WhiteElo "2138"]
[BlackElo "2191"]
[WhiteFideId "800392"]
[BlackFideId "12401676"]
[EventDate "2025.06.10"]

1. e4 e6 2. d4 d5 3. e5 c5 4. c3 Nc6 5. Nf3 Qb6 6. Bd3 Bd7 7. O-O cxd4 8. Re1
Nge7 9. a3 Ng6 10. c4 dxc4 11. Bxc4 Qc5 12. Nbd2 Ngxe5 13. b4 Nxf3+ 14. Qxf3 Qb6
15. Ne4 Be7 16. Qg3 g6 17. Bg5 e5 18. Bxe7 Kxe7 19. Qg5+ Kf8 20. Qf6 Nd8 21.
Qxh8+ Ke7 22. Qxe5+ Be6 1-0

[Event "Titled Tue 10th Jun Early"]
[Site "chess.com INT"]
[Date "2025.06.10"]
[Round "8"]
[White "Gbiorczyk, Mikolaj"]
[Black "Ivashentseva, Dominika"]
[Result "1-0"]
[WhiteTitle "CM"]
[BlackTitle "WCM"]
[WhiteElo "2191"]
[BlackElo "1969"]
[WhiteFideId "21080763"]
[BlackFideId "34331050"]
[EventDate "2025.06.10"]

1. d4 d5 2. Nc3 Nf6 3. Bf4 e6 4. Nb5 Na6 5. e3 Be7 6. Nf3 O-O 7. Bd3 Ne4 8. h4
c6 9. Nc3 Bb4 10. Bxe4 dxe4 11. Ng5 Bxc3+ 12. bxc3 Qa5 13. Qd2 f5 14. O-O h6 15.
Nh3 Rd8 16. f3 e5 17. Bh2 exd4 18. exd4 c5 19. Be5 cxd4 20. Bxd4 Be6 21. fxe4
fxe4 22. Nf4 Bf7 23. Rae1 Re8 24. Re3 Kh7 25. Rg3 g6 26. Nh5 Re7 27. Nf6+ Kh8
28. Qxh6# 1-0

[Event "Titled Tue 10th Jun Early"]
[Site "chess.com INT"]
[Date "2025.06.10"]
[Round "8"]
[White "Chan, Mark"]
[Black "Garcia Correa, Jose Ricardo"]
[Result "1-0"]
[WhiteTitle "FM"]
[BlackTitle "FM"]
[WhiteElo "2179"]
[BlackElo "2103"]
[WhiteFideId "5800560"]
[BlackFideId "5101832"]
[EventDate "2025.06.10"]

1. c4 e5 2. g3 f5 3. Bg2 Nf6 4. Nc3 Bc5 5. d3 O-O 6. Nf3 d6 7. O-O a6 8. a3 Nc6
9. b4 Ba7 10. e3 Be6 11. Bb2 h6 12. b5 axb5 13. cxb5 Ne7 14. a4 Qe8 15. d4 e4
16. Nd2 d5 17. Nb3 Nc8 18. Ba3 Rf7 19. Nc5 Bxc5 20. Bxc5 g5 21. f3 Rd7 22. fxe4
dxe4 23. a5 Qg6 24. Qe2 Qf7 25. Qb2 Qg6 26. a6 bxa6 27. bxa6 Bf7 28. Qb7 Nb6 29.
Bxb6 cxb6 30. Qxa8+ Kh7 31. a7 b5 32. Qc6 b4 33. a8=Q bxc3 34. Qxc3 Qh5 35. Rxf5
Ng4 36. h3 1-0

[Event "Titled Tue 10th Jun Early"]
[Site "chess.com INT"]
[Date "2025.06.10"]
[Round "8"]
[White "Khazhatuly, Alikhan"]
[Black "Bulgak, Damir"]
[Result "0-1"]
[WhiteTitle "CM"]
[WhiteElo "2173"]
[BlackElo "2213"]
[WhiteFideId "13731335"]
[BlackFideId "13528882"]
[EventDate "2025.06.10"]

1. e4 c5 2. d4 cxd4 3. c3 Nf6 4. e5 Nd5 5. cxd4 Nc6 6. Nf3 d6 7. Bc4 Nb6 8. Bd3
dxe5 9. dxe5 Nb4 10. Bb5+ Bd7 11. Bc4 Nxc4 12. Qb3 Qa5 13. O-O Nb6 14. Bd2 e6
15. Nc3 N4d5 16. a4 Nxc3 17. Bxc3 Qd5 18. Qc2 Bc6 19. a5 Nd7 20. Rfd1 Qe4 21.
Qc1 Be7 22. h3 O-O 23. Rd4 Qf5 24. Rf4 Qh5 25. Qe3 Bg5 26. Nxg5 Qxg5 27. g3 Rad8
28. h4 Qg6 29. Qe2 h5 30. Re1 Nc5 31. Qe3 Nd3 32. Rc4 Nxe1 33. Qxe1 Qc2 34. Rd4
Rxd4 35. Bxd4 Rd8 36. Qe3 Qd1+ 37. Kh2 Qh1# 0-1

[Event "Titled Tue 10th Jun Early"]
[Site "chess.com INT"]
[Date "2025.06.10"]
[Round "8"]
[White "Heimann, Alexander"]
[Black "Iniyan, Pa"]
[Result "1-0"]
[BlackTitle "GM"]
[WhiteElo "2238"]
[BlackElo "2573"]
[WhiteFideId "2006073"]
[BlackFideId "25002767"]
[EventDate "2025.06.10"]

1. e4 c6 2. Nf3 d5 3. Nc3 dxe4 4. Nxe4 Bf5 5. Ng3 e6 6. Nxf5 exf5 7. Bc4 Nf6 8.
O-O Be7 9. Re1 O-O 10. d4 Nbd7 11. c3 Nb6 12. Bd3 g6 13. Qb3 Re8 14. Ne5 Qd5 15.
Bg5 Qxb3 16. axb3 Nfd5 17. Bd2 a5 18. Nc4 a4 19. Nxb6 Nxb6 20. Bc2 axb3 21. Rxa8
Rxa8 22. Bxb3 Bf6 23. Kf1 Nd5 24. Ke2 Kg7 25. Kd3 h5 26. c4 Nc7 27. Bc3 Rd8 28.
c5 Kf8 29. Bc4 Nd5 30. Bxd5 Rxd5 31. Ra1 Ke7 32. Kc4 Kd7 33. b4 f4 34. b5 Rg5
35. Ra7 cxb5+ 36. Kxb5 Kc8 37. Ra8+ Kd7 38. Rb8 Rxg2 39. Rxb7+ Ke6 40. d5+ Kxd5
41. Bxf6 Rxf2 42. Rd7+ Ke6 43. Rd6+ Kf5 44. c6 Rc2 45. Bd4 f3 46. Rf6+ Ke4 47.
Bc5 Kd5 48. Rd6+ Ke5 49. c7 f2 50. Rd1 Re2 51. c8=Q Re1 52. Qe8+ Kf5 53. Rxe1
fxe1=Q 54. Qxe1 1-0

[Event "Titled Tue 10th Jun Early"]
[Site "chess.com INT"]
[Date "2025.06.10"]
[Round "8"]
[White "Carrasco Miranda, Andres"]
[Black "Jiganchine, Roman"]
[Result "1-0"]
[WhiteTitle "CM"]
[BlackTitle "CM"]
[WhiteElo "2211"]
[BlackElo "2205"]
[WhiteFideId "3405990"]
[BlackFideId "2603667"]
[EventDate "2025.06.10"]

1. Nf3 d5 2. c4 c6 3. g3 Bf5 4. Bg2 e6 5. d3 Nf6 6. Qb3 Qb6 7. Be3 Qxb3 8. axb3
a6 9. Bd4 Nbd7 10. Bc3 Bd6 11. O-O O-O 12. Nbd2 Rfe8 13. Nh4 Bg4 14. Rfe1 e5 15.
cxd5 cxd5 16. e4 Nc5 17. exd5 Nxd3 18. Re3 Nc5 19. b4 Ncd7 20. h3 Bh5 21. g4 Bg6
22. Nxg6 hxg6 23. Nc4 Bf8 24. Nxe5 Nxe5 25. Rxe5 Rxe5 26. Bxe5 Bxb4 27. d6 Rd8
28. Bxb7 Bxd6 29. Rd1 Rb8 30. Rxd6 Rxb7 31. Rxa6 Rxb2 32. Bxb2 1-0

[Event "Titled Tue 10th Jun Early"]
[Site "chess.com INT"]
[Date "2025.06.10"]
[Round "8"]
[White "Fikiet, Alex"]
[Black "Sailer, Mike"]
[Result "1-0"]
[WhiteElo "2151"]
[BlackElo "2108"]
[WhiteFideId "2052717"]
[BlackFideId "2012901"]
[EventDate "2025.06.10"]

1. e4 d5 2. exd5 Qxd5 3. h3 Nf6 4. Nf3 Bf5 5. Nc3 Qd6 6. g4 Bg6 7. Bg2 c6 8. O-O
e6 9. d4 Nbd7 10. Ne2 Qc7 11. Nf4 Bd6 12. Nxg6 hxg6 13. Re1 O-O-O 14. c4 e5 15.
c5 Be7 16. Qa4 Kb8 17. Nxe5 Nxe5 18. dxe5 Nd5 19. e6 Bxc5 20. exf7 Qxf7 21. Qc2
Rhf8 22. Qxc5 b6 23. Qc2 Nb4 24. Qe2 Nd3 25. Rf1 Rde8 26. Be3 Ne5 27. Rac1 1-0

[Event "Titled Tue 10th Jun Early"]
[Site "chess.com INT"]
[Date "2025.06.10"]
[Round "8"]
[White "Jimenez Salas, Maria Teresa"]
[Black "Uraev, Ivan"]
[Result "0-1"]
[WhiteTitle "WIM"]
[BlackTitle "FM"]
[WhiteElo "2170"]
[BlackElo "2194"]
[WhiteFideId "3843866"]
[BlackFideId "4192443"]
[EventDate "2025.06.10"]

1. e4 c5 2. Nf3 e6 3. d4 cxd4 4. Nxd4 a6 5. c4 Qc7 6. Nc3 Nf6 7. a3 d6 8. Be3
Be7 9. Be2 Nbd7 10. O-O Ne5 11. Rc1 Bd7 12. f3 Ng6 13. Qd2 Rc8 14. b4 h5 15. f4
Ng4 16. f5 N6e5 17. fxe6 fxe6 18. Bg5 Nf6 19. Kh1 h4 20. h3 Qd8 21. Nd1 Nxe4 22.
Bxe7 Nxd2 23. Bxd8 Nxf1 24. Bxf1 Rxd8 25. Ne3 O-O 26. Be2 Rf4 27. Rd1 Bc8 28.
Bf3 g5 29. Ne2 Rff8 30. Be4 Kg7 31. Kh2 b5 32. cxb5 axb5 33. Nc3 d5 34. Bxd5
exd5 35. Nexd5 Be6 36. Re1 Bxd5 37. Rxe5 Bc6 38. Rxg5+ Kh6 39. Rc5 Rf6 40. Nxb5
Rd2 41. Kh1 Bxg2+ 42. Kg1 Rf1+ 0-1

[Event "Titled Tue 10th Jun Early"]
[Site "chess.com INT"]
[Date "2025.06.10"]
[Round "8"]
[White "Nazin, Roman"]
[Black "Aarit Kapil"]
[Result "0-1"]
[WhiteTitle "CM"]
[BlackTitle "CM"]
[WhiteElo "2250"]
[BlackElo "2078"]
[WhiteFideId "4137167"]
[BlackFideId "33408947"]
[EventDate "2025.06.10"]

1. d4 Nf6 2. Nf3 e6 3. c4 d5 4. e3 c6 5. Nc3 Bd6 6. Qc2 O-O 7. Be2 Nbd7 8. O-O
a6 9. b3 Qe7 10. Bb2 e5 11. dxe5 Nxe5 12. cxd5 cxd5 13. Rfd1 Bg4 14. Nd4 Rac8
15. Nf5 Bxf5 16. Qxf5 Rc5 17. Na4 Rc7 18. Rac1 b5 19. Nc3 Qe6 20. Qb1 Rfc8 21.
Bf1 b4 22. Ne2 Neg4 23. Nf4 Bxf4 24. exf4 Ne4 25. Rxc7 Rxc7 26. Re1 Qb6 0-1

[Event "Titled Tue 10th Jun Early"]
[Site "chess.com INT"]
[Date "2025.06.10"]
[Round "8"]
[White "Kourkoulos-Arditis, Stamatis"]
[Black "Hayrapetyan, Artavazd R."]
[Result "1-0"]
[WhiteTitle "GM"]
[BlackTitle "FM"]
[WhiteElo "2580"]
[BlackElo "2350"]
[WhiteFideId "4221990"]
[BlackFideId "13304240"]
[EventDate "2025.06.10"]

1. b3 e5 2. Bb2 Nc6 3. c4 Nf6 4. Nf3 e4 5. Nd4 Bc5 6. Nf5 O-O 7. e3 d5 8. cxd5
Qxd5 9. Ng3 Ne5 10. Nc3 Nd3+ 11. Bxd3 Qxd3 12. Qb1 Qxb1+ 13. Rxb1 Re8 14. Rc1
Bb6 15. f3 exf3 16. gxf3 Bd7 17. Rg1 g6 18. Nge4 Nxe4 19. Nxe4 Rxe4 20. fxe4 Re8
21. e5 Bb5 22. Bd4 Ba5 23. Rc5 c6 24. a4 b6 25. Rc1 c5 26. axb5 cxd4 27. exd4 f6
28. Rc4 a6 29. bxa6 fxe5 30. d5 b5 31. Rc6 Rd8 32. d6 Bb4 33. a7 Ra8 34. d7 1-0

[Event "Titled Tue 10th Jun Early"]
[Site "chess.com INT"]
[Date "2025.06.10"]
[Round "8"]
[White "Demchenko, Yaroslav"]
[Black "Andrade, Ivan"]
[Result "1-0"]
[WhiteTitle "CM"]
[BlackTitle "FM"]
[WhiteElo "2263"]
[BlackElo "2144"]
[WhiteFideId "14186667"]
[BlackFideId "14800039"]
[EventDate "2025.06.10"]

1. Nf3 Nf6 2. b3 g6 3. Bb2 Bg7 4. d4 O-O 5. e3 d5 6. Bd3 c6 7. Nbd2 Bf5 8. Bxf5
gxf5 9. Ne5 Nbd7 10. h4 Nxe5 11. dxe5 Ne4 12. h5 h6 13. f3 Nxd2 14. Qxd2 Qc7 15.
Qd4 e6 16. O-O-O c5 17. Qf4 f6 18. g4 fxe5 19. Qh2 fxg4 20. fxg4 d4 21. g5 Qf7
22. gxh6 Bxh6 23. Qxe5 Bxe3+ 24. Kb1 Qf6 25. Qe4 b6 26. h6 e5 27. Rh3 Qf5 28.
Rxe3 dxe3 29. Rg1+ Kh8 30. Bxe5+ Kh7 31. Rg7+ Kxh6 32. Qh4+ Qh5 33. Rh7+ Kxh7
34. Qxh5+ Kg8 35. Qg6# 1-0

[Event "Titled Tue 10th Jun Early"]
[Site "chess.com INT"]
[Date "2025.06.10"]
[Round "8"]
[White "Shukhman, Anna"]
[Black "Bodemar, Jonathan"]
[Result "1-0"]
[WhiteTitle "WGM"]
[BlackTitle "CM"]
[WhiteElo "2413"]
[BlackElo "2150"]
[WhiteFideId "54180058"]
[BlackFideId "6205488"]
[EventDate "2025.06.10"]

1. e4 e6 2. d4 d5 3. Nc3 Nf6 4. e5 Nfd7 5. f4 c5 6. Nf3 Nc6 7. Be3 Be7 8. Qd2
O-O 9. Bd3 f6 10. exf6 Bxf6 11. Be2 cxd4 12. Nxd4 Bxd4 13. Bxd4 Nxd4 14. Qxd4
Qb6 15. O-O-O Nc5 16. g3 Bd7 17. Rhe1 Rac8 18. Bg4 Kh8 19. Re5 Qa5 20. Kb1 h6
21. Nxd5 exd5 22. Re7 Rg8 23. Bxd7 Nxd7 24. Rxd7 1-0

[Event "Titled Tue 10th Jun Early"]
[Site "chess.com INT"]
[Date "2025.06.10"]
[Round "8"]
[White "Serra Canals, Oriol"]
[Black "Gubatayev, Ahmet"]
[Result "0-1"]
[WhiteTitle "CM"]
[BlackTitle "CM"]
[WhiteElo "2116"]
[BlackElo "2191"]
[WhiteFideId "22276084"]
[BlackFideId "14004526"]
[EventDate "2025.06.10"]

1. d4 d5 2. Nf3 Nf6 3. Bf4 e6 4. e3 Be7 5. Ne5 c5 6. Nd2 Qb6 7. dxc5 Bxc5 8. Nb3
Bd6 9. Bd3 Qc7 10. Bb5+ Nc6 11. Nxc6 bxc6 12. Bxd6 Qxd6 13. Bd3 O-O 14. O-O e5
15. c4 Qe7 16. cxd5 cxd5 17. Be2 Rb8 18. Rc1 Bf5 19. Qd2 Rfd8 20. Qa5 d4 21.
exd4 exd4 22. Rfe1 Rd5 23. Qa6 Qd6 24. Qxa7 d3 25. Rc7 Rf8 26. Bd1 d2 27. Rf1
Bd3 28. f3 Bxf1 29. Kxf1 Qxh2 30. Qg1 Qxc7 0-1

[Event "Titled Tue 10th Jun Early"]
[Site "chess.com INT"]
[Date "2025.06.10"]
[Round "8"]
[White "Kosteniuk, Alexandra"]
[Black "Henriquez Villagra, Cristobal"]
[Result "0-1"]
[WhiteTitle "GM"]
[BlackTitle "GM"]
[WhiteElo "2474"]
[BlackElo "2597"]
[WhiteFideId "4128125"]
[BlackFideId "3409350"]
[EventDate "2025.06.10"]

1. e4 d6 2. d4 Nf6 3. Nc3 e5 4. Nge2 c6 5. a4 Nbd7 6. g3 h5 7. h4 d5 8. exd5
cxd5 9. dxe5 Nxe5 10. Bg2 Bc5 11. O-O O-O 12. Nxd5 Bg4 13. Bg5 Nf3+ 14. Bxf3
Bxf3 15. Bxf6 gxf6 16. Ndf4 Qc8 17. Qd3 Qg4 18. Kh2 Rfe8 19. Ng1 Be4 20. Qc3 Re5
21. f3 Bxg1+ 22. Rxg1 Bxf3 23. Raf1 Bc6 24. Rf2 Rae8 25. Nd3 Re2 26. Qxf6 Rxf2+
27. Nxf2 Re2 28. Rd1 Rxf2+ 29. Qxf2 Qxd1 0-1

[Event "Titled Tue 10th Jun Early"]
[Site "chess.com INT"]
[Date "2025.06.10"]
[Round "8"]
[White "Birkisson, Bjorn Holm"]
[Black "Ugorek, Kacper"]
[Result "0-1"]
[WhiteTitle "CM"]
[BlackTitle "CM"]
[WhiteElo "2128"]
[BlackElo "2262"]
[WhiteFideId "2310600"]
[BlackFideId "21890676"]
[EventDate "2025.06.10"]

1. e4 Nf6 2. Nc3 d5 3. e5 Nfd7 4. Nxd5 Nxe5 5. Ne3 g6 6. d4 Ned7 7. Nf3 Bg7 8.
Bc4 O-O 9. O-O c5 10. dxc5 Nxc5 11. c3 Nc6 12. Qxd8 Rxd8 13. Re1 Be6 14. Bf1 Nd3
15. Bxd3 Rxd3 16. h3 Rad8 17. Ng5 Bc8 18. Ne4 b6 19. Ng3 e6 20. Nef1 Ba6 21. Be3
Na5 22. Rac1 Nc4 23. Rc2 Nxe3 24. Nxe3 Kf8 25. c4 Rd2 26. Re2 Rxe2 27. Nxe2 Ke7
28. b3 f5 29. Kf1 Bb7 30. f3 e5 31. Kf2 e4 32. fxe4 Bxe4 33. Rc1 Rd2 34. Ke1
Rxa2 35. Nf4 Bh6 36. Nfd5+ Bxd5 37. Nxd5+ Kd6 38. Rd1 Kc5 39. Nf6 Rxg2 40. Rd7
a5 41. Nd5 b5 42. Rc7+ Kd6 43. Rxh7 bxc4 44. Rxh6 Kxd5 45. bxc4+ Kxc4 46. h4 a4
47. h5 gxh5 48. Rxh5 a3 49. Kf1 a2 50. Kxg2 a1=Q 51. Rxf5 Kd4 52. Rf3 Ke4 53.
Kf2 Qd4+ 54. Kg3 Qg1+ 0-1

[Event "Titled Tue 10th Jun Early"]
[Site "chess.com INT"]
[Date "2025.06.10"]
[Round "8"]
[White "Chyzy, Jakub"]
[Black "Moinzai, Khushal"]
[Result "0-1"]
[WhiteTitle "FM"]
[BlackTitle "FM"]
[WhiteElo "2330"]
[BlackElo "1894"]
[WhiteFideId "21806209"]
[BlackFideId "11701200"]
[EventDate "2025.06.10"]

1. b3 Nf6 2. Bb2 e6 3. e3 Be7 4. f4 O-O 5. Nf3 a5 6. Be2 a4 7. O-O a3 8. Bc3 Ne4
9. d3 Nxc3 10. Nxc3 c5 11. Kh1 Bf6 12. Ne4 Bxa1 13. Qxa1 d5 14. Ng3 Nc6 15. Nh5
f6 16. g4 e5 17. Rg1 g6 18. fxe5 gxh5 19. gxh5+ Kh8 20. h6 fxe5 21. Nxe5 Qf6 22.
d4 cxd4 23. exd4 Bf5 24. Rg7 Be4+ 25. Kg1 Qf2# 0-1

[Event "Titled Tue 10th Jun Early"]
[Site "chess.com INT"]
[Date "2025.06.10"]
[Round "8"]
[White "Golsta, Madara"]
[Black "Coe, William"]
[Result "1-0"]
[WhiteElo "2008"]
[BlackElo "2078"]
[WhiteFideId "11607386"]
[BlackFideId "30913624"]
[EventDate "2025.06.10"]

1. e4 c5 2. Nf3 e6 3. d4 cxd4 4. Nxd4 a6 5. c4 b6 6. Nc3 Bb7 7. Be3 Nc6 8. Be2
Rc8 9. O-O Bc5 10. a3 Nf6 11. b4 Bxd4 12. Bxd4 d6 13. Bxf6 Qxf6 14. Rc1 Rd8 15.
f4 O-O 16. Rf3 Nd4 17. Rg3 Nxe2+ 18. Qxe2 Qxf4 19. Rf1 Qh6 20. e5 dxe5 21. Qxe5
Rd7 22. Rf4 Rfd8 23. Rh3 Qg6 24. Rg3 Qh6 25. Rh3 Rd1+ 26. Nxd1 Rxd1+ 27. Kf2 Qg6
28. Qb8+ 1-0

[Event "Titled Tue 10th Jun Early"]
[Site "chess.com INT"]
[Date "2025.06.10"]
[Round "8"]
[White "Suvradeepta, Das"]
[Black "Chan, Kim Yew"]
[Result "0-1"]
[WhiteTitle "FM"]
[BlackTitle "FM"]
[WhiteElo "2230"]
[BlackElo "2304"]
[WhiteFideId "5058031"]
[BlackFideId "5717981"]
[EventDate "2025.06.10"]

1. d4 c5 2. Nf3 cxd4 3. Nxd4 d5 4. g3 e5 5. Nb3 Nc6 6. Bg2 Be6 7. O-O Be7 8. c3
Nf6 9. N1d2 O-O 10. e4 Qd7 11. Qe2 Rad8 12. Re1 d4 13. cxd4 exd4 14. f4 d3 15.
Qf2 Ng4 16. Qf1 Bc5+ 17. Nxc5 Qd4+ 18. Kh1 Nf2+ 19. Kg1 Nxe4+ 20. Kh1 Nf2+ 21.
Kg1 Ng4+ 22. Kh1 Qxc5 23. Ne4 Qc2 24. h3 Nh6 25. Rd1 Nf5 26. Kh2 Bd5 27. Nf2
Bxg2 28. Qxg2 d2 29. g4 Ne3 0-1

[Event "Titled Tue 10th Jun Early"]
[Site "chess.com INT"]
[Date "2025.06.10"]
[Round "8"]
[White "Naroditsky, Daniel"]
[Black "Mekhitarian, Krikor Sevag"]
[Result "1-0"]
[WhiteTitle "GM"]
[BlackTitle "GM"]
[WhiteElo "2619"]
[BlackElo "2564"]
[WhiteFideId "2026961"]
[BlackFideId "2107660"]
[EventDate "2025.06.10"]

1. e4 c5 2. Nf3 Nc6 3. Bb5 Nf6 4. Qe2 e5 5. O-O Be7 6. c3 Qc7 7. d4 cxd4 8. cxd4
exd4 9. e5 Nd5 10. Qe4 a6 11. Be2 Nb6 12. Bf4 O-O 13. e6 Qd8 14. exf7+ Rxf7 15.
Bd3 g6 16. Ne5 Nxe5 17. Bxe5 Bf6 18. Nd2 d6 19. Bxf6 Qxf6 20. Qe8+ Rf8 21. Qe2
Bf5 22. Bxf5 Qxf5 23. Rae1 d3 24. Qd1 Qd5 25. Ne4 Kg7 26. Qd2 Rac8 27. Qb4 Rc6
28. Nc3 Qc4 29. Qa5 d2 30. Rd1 Qc5 31. Qxc5 dxc5 32. Rxd2 Rc7 33. Rc1 Rff7 34.
Ne4 c4 35. h4 Rfd7 36. Rdc2 Rd4 37. Ng5 Rd6 38. Re2 Kf6 39. Ne4+ 1-0

[Event "Titled Tue 10th Jun Early"]
[Site "chess.com INT"]
[Date "2025.06.10"]
[Round "8"]
[White "Zhou, Yuxu"]
[Black "Nakhbayeva, Guliskhan"]
[Result "0-1"]
[WhiteTitle "CM"]
[BlackTitle "IM"]
[WhiteElo "2113"]
[BlackElo "2326"]
[WhiteFideId "8626421"]
[BlackFideId "13704788"]
[EventDate "2025.06.10"]

1. d4 e6 2. c4 d5 3. Nc3 c6 4. e4 dxe4 5. Nxe4 Bb4+ 6. Bd2 Qxd4 7. Bxb4 Qxe4+ 8.
Be2 Na6 9. Bf8 Ne7 10. Bxg7 Rg8 11. Bc3 Qxg2 12. Qd2 Bd7 13. O-O-O O-O-O 14. Nf3
c5 15. Rdg1 Qxf2 16. Rf1 Qg2 17. Rhg1 Qh3 18. Ng5 Qxh2 19. Rh1 Qc7 20. Nxf7 Bc6
21. Nxd8 Rxd8 22. Rxh7 Rxd2 23. Kxd2 Qd6+ 24. Kc1 Nb4 25. Rf8+ Kd7 26. Bf6 Nxa2+
27. Kb1 Be4+ 28. Kxa2 Bxh7 29. Rf7 Be4 30. Rxe7+ Qxe7 0-1

[Event "Titled Tue 10th Jun Early"]
[Site "chess.com INT"]
[Date "2025.06.10"]
[Round "8"]
[White "Yang, Daniel"]
[Black "Sarveshwaran V"]
[Result "1-0"]
[WhiteTitle "CM"]
[BlackTitle "CM"]
[WhiteElo "2198"]
[BlackElo "2290"]
[WhiteFideId "30976340"]
[BlackFideId "25699016"]
[EventDate "2025.06.10"]

1. Nf3 Nf6 2. d4 g6 3. c4 Bg7 4. Nc3 d5 5. cxd5 Nxd5 6. e4 Nxc3 7. bxc3 c5 8. h3
O-O 9. Be2 Nc6 10. Be3 cxd4 11. cxd4 Qa5+ 12. Bd2 Qa3 13. d5 Nd4 14. Nxd4 Bxd4
15. Rb1 Qd6 16. O-O Qf6 17. Kh1 Rd8 18. f4 Qh4 19. Be1 Qh6 20. Qxd4 Bxh3 21.
gxh3 Qxh3+ 22. Kg1 e6 23. Qc3 Qh6 24. dxe6 fxe6 25. Rxb7 Rac8 26. Qg3 Rf8 27. f5
exf5 28. exf5 1-0

[Event "Titled Tue 10th Jun Early"]
[Site "chess.com INT"]
[Date "2025.06.10"]
[Round "8"]
[White "Liu, Xiangyi"]
[Black "Kravtsiv, Martyn"]
[Result "0-1"]
[WhiteTitle "IM"]
[BlackTitle "GM"]
[WhiteElo "2370"]
[BlackElo "2598"]
[WhiteFideId "8605718"]
[BlackFideId "14113147"]
[EventDate "2025.06.10"]

1. e4 e5 2. Nf3 Nc6 3. Bb5 a6 4. Ba4 Nf6 5. O-O Be7 6. Re1 b5 7. Bb3 O-O 8. d3
d6 9. a4 b4 10. a5 Be6 11. Nbd2 Rb8 12. Nc4 h6 13. Ba4 Bxc4 14. Bxc6 Bb5 15.
Bxb5 Rxb5 16. d4 c6 17. Bd2 Qc7 18. Qe2 Rfb8 19. c3 bxc3 20. Bxc3 Nd7 21. dxe5
dxe5 22. Ra4 Bd6 23. Rd1 Nc5 24. Rc4 Ne6 25. Qd2 Rd8 26. Qe1 f6 27. g3 c5 28.
Kg2 Qf7 29. Ra4 Nd4 30. b4 Nxf3 31. Kxf3 cxb4 0-1

[Event "Titled Tue 10th Jun Early"]
[Site "chess.com INT"]
[Date "2025.06.10"]
[Round "8"]
[White "Kozak, Antoni"]
[Black "Begunov, Konstantin"]
[Result "1-0"]
[BlackTitle "FM"]
[WhiteElo "2426"]
[BlackElo "2325"]
[WhiteFideId "21832030"]
[BlackFideId "4118510"]
[EventDate "2025.06.10"]

1. c4 c6 2. g3 d5 3. Bg2 Nf6 4. Nf3 Bf5 5. O-O e6 6. Qb3 Qb6 7. d3 Nbd7 8. Be3
Bc5 9. d4 Qxb3 10. axb3 Bd6 11. Nc3 Ne4 12. Nh4 Nxc3 13. bxc3 Bc2 14. c5 Be7 15.
b4 Bxh4 16. gxh4 a6 17. Bf4 f6 18. f3 e5 19. Bg3 Kf7 20. e4 Bb3 21. Bh3 Rad8 22.
f4 exd4 23. e5 fxe5 24. fxe5+ Ke7 25. cxd4 Rdf8 26. e6 Rxf1+ 27. Rxf1 Nf6 28.
Bd6+ Kd8 29. Rf2 Bd1 30. Rg2 Rg8 31. Bf5 Bf3 32. Rf2 Be4 33. Bh3 Re8 34. h5 h6
35. Rf4 Rg8 36. Kf2 Bc2 37. Ke3 Bd1 38. e7+ Ke8 39. Bc8 Bxh5 40. Bxb7 Nd7 41.
Bxc6 g5 42. Rf8+ Rxf8 43. exf8=Q# 1-0

[Event "Titled Tue 10th Jun Early"]
[Site "chess.com INT"]
[Date "2025.06.10"]
[Round "8"]
[White "Thipsay, Bagyashree Sathe"]
[Black "Madi, Aidana"]
[Result "0-1"]
[WhiteTitle "WIM"]
[BlackTitle "WFM"]
[WhiteElo "2075"]
[BlackElo "1899"]
[WhiteFideId "5001013"]
[BlackFideId "13722689"]
[EventDate "2025.06.10"]

1. e4 c5 2. Nf3 Nc6 3. d4 cxd4 4. Nxd4 g6 5. c4 Bg7 6. Be3 d6 7. Nc3 Nf6 8. Be2
Nxd4 9. Qxd4 O-O 10. Qd2 Bd7 11. O-O a5 12. f3 a4 13. Rad1 Rc8 14. b3 axb3 15.
axb3 Bc6 16. Nd5 Nxd5 17. exd5 Bd7 18. Bd3 Rb8 19. Qf2 b5 20. c5 dxc5 21. Bxc5
Re8 22. Rfe1 Bf6 23. b4 Qc7 24. Re2 Rbc8 25. Rde1 Qf4 26. g3 Qg5 27. f4 Qxd5 28.
Rd1 Bc6 29. Kf1 Bb7 30. Red2 Qh1+ 31. Ke2 Qc6 32. Rc2 Qe6+ 33. Kf1 Red8 34. Re2
Qd5 35. Qg1 Qf3+ 36. Rf2 Qxd1# 0-1

[Event "Titled Tue 10th Jun Early"]
[Site "chess.com INT"]
[Date "2025.06.10"]
[Round "8"]
[White "Becking, Stephan"]
[Black "Rabin, Evan"]
[Result "0-1"]
[WhiteTitle "IM"]
[WhiteElo "2410"]
[BlackElo "1945"]
[WhiteFideId "4632478"]
[BlackFideId "2028670"]
[EventDate "2025.06.10"]

1. d4 Nf6 2. Nf3 e6 3. c3 c5 4. Bg5 b6 5. Nbd2 Bb7 6. e4 h6 7. Bxf6 Qxf6 8. Bd3
cxd4 9. cxd4 Nc6 10. e5 Qd8 11. a3 d6 12. Bb5 a6 13. Bxc6+ Bxc6 14. O-O Be7 15.
Rc1 Bd5 16. Qe2 O-O 17. Ne4 Bxe4 18. Qxe4 d5 19. Qd3 Qd7 20. Qb3 b5 21. Ne1 Rfc8
22. Nd3 Rc4 23. Nc5 Bxc5 24. dxc5 Rc8 25. Qe3 Qc7 26. b4 Re4 27. Qb3 Qxe5 28. a4
Qd4 29. Rb1 Qc4 30. Qa3 bxa4 31. Qxa4 Qb5 32. Qxb5 axb5 33. Rfc1 Rc4 34. Kf1 Kf8
35. Ke2 Ke7 36. Kd3 Kd7 37. Rxc4 bxc4+ 38. Kd4 Ra8 39. b5 Ra3 40. c6+ Kd6 41. c7
Rd3# 0-1